[Event "THA-chT"]
[Site "Bangkok"]
[Date "2015.12.13"]
[Round "9.2"]
[White "Sajjapornthep, Jarunpol"]
[Black "Phumphuang, Nathawat"]
[Result "0-1"]
[WhiteElo "1864"]
[BlackElo "1523"]
[PlyCount "128"]
[EventDate "2015.12.04"]
[EventType "team-swiss"]
[EventRounds "9"]
[EventCountry "THA"]
[SourceTitle "CBM 170 Extra"]
[Source "ChessBase"]
[SourceDate "2016.02.25"]
[SourceVersion "1"]
[SourceVersionDate "2016.02.25"]
[SourceQuality "1"]
[WhiteTeam "SamutPrakarn Bangapi"]
[BlackTeam "Strong Team"]
[WhiteTeamCountry "THA"]
[BlackTeamCountry "THA"]

1. e4 e5 2. Nf3 Nc6 3. Bc4 Bc5 4. c3 Qe7 5. 0-0 Nf6 6. d4 Bb6 7. Bg5 exd4 8. cxd4 Qb4 9. b3 h6 10. Bc1 0-0 11. Ba3 Qa5 12. Bxf8 Kxf8 13. e5 Ne8 14. a3 d5 15. exd6 Nxd6 16. d5 Nxc4 17. bxc4 Nb8 18. Qd3 Kg8 19. Qe4 Bd7 20. Nbd2 c6 21. Nb3 cxd5 22. cxd5 Qc3 23. Nbd4 Na6 24. Rfc1 Qb2 25. Qe7 Bxd4 26. Nxd4 Qxd4 27. Qxd7 Nc5 28. Qb5 Nd3 29. Rf1 Nxf2 30. Rxf2 Qxa1+ 31. Rf1 Qd4+ 32. Kh1 Qb6 33. Qd7 f6 34. Re1 Qf2 35. Qe6+ Kh8 36. d6 Rd8 37. Qe7 Rxd6 38. Qe8+ Kh7 39. h3 Rb6 40. Re2 Rb1+ 41. Kh2 Qf4+ 42. g3 Qf5 43. h4 Rf1 44. Rg2 Qb1 45. Kh3 Rh1+ 46. Kg4 Qd1+ 47. Qe2 Qd7+ 48. Kf4 Qd6+ 49. Kf3 Qxa3+ 50. Kg4 Qb4+ 51. Kf3 Qb1 52. Rf2 Re1 53. Qc4 Qd1+ 54. Kf4 Qc1+ 55. Qxc1 Rxc1 56. Rb2 Rc7 57. Kf5 Re7 58. g4 a5 59. Kf4 g5+ 60. hxg5 hxg5+ 61. Kf5 Kg7 62. Re2 Re5+ 63. Rxe5 fxe5 64. Kxg5 a4 0-1

[Event "THA-chT"]
[Site "Bangkok"]
[Date "2015.12.06"]
[Round "6.2"]
[White "Pornariyasombat, Atippat"]
[Black "Phumphuang, Nathawat"]
[Result "1-0"]
[WhiteElo "2084"]
[BlackElo "1523"]
[PlyCount "73"]
[EventDate "2015.12.04"]
[EventType "team-swiss"]
[EventRounds "9"]
[EventCountry "THA"]
[SourceTitle "CBM 170 Extra"]
[Source "ChessBase"]
[SourceDate "2016.02.25"]
[SourceVersion "1"]
[SourceVersionDate "2016.02.25"]
[SourceQuality "1"]
[WhiteTeam "East Bangapi"]
[BlackTeam "Strong Team"]
[WhiteTeamCountry "THA"]
[BlackTeamCountry "THA"]

1. e4 e5 2. Nf3 Nc6 3. Bc4 Bc5 4. 0-0 Nf6 5. d3 h6 6. a3 d6 7. b4 Bb6 8. c3 Bg4 9. a4 a6 10. Be3 Ba7 11. Nbd2 0-0 12. h3 Bh5 13. Qb3 Qd7 14. Rae1 Rfb8 15. g4 Bg6 16. Nh4 Bh7 17. a5 g5 18. Ng2 Rf8 19. Bxa7 Nxa7 20. Re3 c6 21. Rf3 Kg7 22. Qb2 d5 23. exd5 cxd5 24. Ba2 e4 25. Rxf6 Kxf6 26. Ne3 Ke7 27. Nxd5+ Kd8 28. c4 f5 29. dxe4 fxg4 30. Nf6 Qe7 31. Qd4+ Kc8 32. Nd5 Qf7 33. Nb6+ Kc7 34. Qe5+ Kd8 35. Qd6+ Ke8 36. Nxa8 Qd7 37. Nc7+ 1-0